| 000 | 00975nam a22003017a 4500 | ||
|---|---|---|---|
| 001 | 6650 | ||
| 003 | FISKH | ||
| 005 | 20250814142229.0 | ||
| 008 | 250519b cb ||||| |||| 00| 0 eng d | ||
| 020 | _a9781606945124 | ||
| 040 |
_aDLC _cCarP _dDLC _beng |
||
| 050 | _aQC90 .K368518 | ||
| 082 | _a530.8 | ||
| 245 | 0 | 0 |
_aMeasure: _cPints, quarts, and gallons / |
| 260 |
_aFlorida : _bRourke Publishing, _c2010. |
||
| 300 |
_a24 pages : _bcolor illustrations ; _c21 cm |
||
| 500 | _aWith study guide. | ||
| 500 | _aCREDITS: Educational collaborator, Foster E. Grossnickle. | ||
| 505 | _aE | ||
| 520 | _aSimple sentences and illustrated repetitive text will introduce early learners to pints, quarts, and gallons. | ||
| 521 | 8 |
_a260
_bLexile |
|
| 521 | 8 |
_aE
_bRaz-Plus |
|
| 650 | 0 |
_aWeights and measures _vJuvenile films. |
|
| 650 | 0 |
_aLiquids _xMeasurement. |
|
| 906 |
_a0 _bcbc _cpremunv _du _encip _f19 _gy-gencatlg |
||
| 942 |
_2ddc _cBK _n0 |
||
| 999 |
_c6650 _d6650 |
||